[Event "BL 0506 Godesberger SK - Solinger SG"]
[Site "?"]
[Date "2005.11.12"]
[Round "3.6"]
[White "Grafl, Florian"]
[Black "Werle, Jan"]
[Result "1-0"]
[WhiteElo "2413"]
[BlackElo "2509"]
[PlyCount "65"]
[EventDate "2005.??.??"]

1. e4 e5 2. Nf3 Nf6 3. Nxe5 d6 4. Nf3 Nxe4 5. c4 Be7 6. d4 Bg4 7. h3 Bh5 8. Bd3
Nf6 9. Nc3 O-O 10. d5 Nbd7 11. Be2 c5 12. dxc6 bxc6 13. Nd4 Bxe2 14. Qxe2 Rc8
15. O-O Re8 16. Be3 Qa5 17. Rfd1 Bf8 18. Qd2 Qh5 19. Nde2 Nc5 20. Ng3 Qg6 21.
Rac1 Rb8 22. b4 Rxb4 23. Nce2 Ra4 24. Nf4 Qg5 25. Ne6 Qe5 26. Nxf8 Rxf8 27. Bd4
Qe7 28. Nf5 Qd7 29. Nxg7 Nfe4 30. Qh6 f6 31. Nh5 Ne6 32. f3 Ng3 33. Nxg3 1-0

[Event "BL 0506 Godesberger SK - Solinger SG"]
[Site "?"]
[Date "2005.11.12"]
[Round "3.8"]
[White "Armbruster, Alexander"]
[Black "Ernst, Sipke"]
[Result "0-1"]
[WhiteElo "2376"]
[BlackElo "2473"]
[PlyCount "140"]
[EventDate "2005.??.??"]

1. d4 f5 2. Bg5 Nf6 3. Bxf6 exf6 4. e3 d5 5. c4 Be6 6. Nd2 dxc4 7. Nxc4 c5 8.
Nf3 Nc6 9. dxc5 Bxc5 10. Ncd2 f4 11. Bb5 fxe3 12. fxe3 O-O 13. Qe2 Re8 14. O-O
Bd5 15. Nc4 a6 16. Bxc6 Bxc6 17. Rad1 Qc7 18. Nd4 Kh8 19. Qd3 Be4 20. Qc3 Ba7
21. Rc1 Rac8 22. Nd6 Qxd6 23. Qxc8 Bc6 24. Qg4 Bd7 25. Qf4 Qb4 26. Qc7 Bg4 27.
Qf7 Rf8 28. Qb3 Qe7 29. Rfe1 Bb8 30. Qd5 Rd8 31. Qc5 Bd6 32. Qa5 Bb4 33. Qb6
Bxe1 34. Rxe1 Re8 35. h3 Bc8 36. Qa5 Qd6 37. Qh5 Re7 38. Rc1 Bd7 39. Qc5 Qxc5
40. Rxc5 Rxe3 41. Rc7 Be8 42. Rxb7 Re5 43. Ra7 a5 44. Ra8 g5 45. Nc6 Re2 46.
Kf1 Re4 47. Nxa5 Kg7 48. Rb8 Bf7 49. b3 Rf4+ 50. Ke2 Bd5 51. g3 Rf3 52. Rd8 Be4
53. Rd4 f5 54. g4 Rxh3 55. gxf5 Bxf5 56. Nc4 Rh2+ 57. Kf3 Rxa2 58. Ne3 Be6 59.
Rd6 Kf7 60. b4 h5 61. b5 Rb2 62. b6 Rb3 63. Ke4 h4 64. Rc6 h3 65. Rc7+ Kg6 66.
b7 Rb1 67. Ke5 h2 68. b8=Q Rxb8 69. Rc1 Rb3 70. Ng2 Bh3 0-1

[Event "BL 0506 SG Köln Porz - SV Wattenscheid"]
[Site "?"]
[Date "2005.11.12"]
[Round "3.2"]
[White "Van Wely, Loek"]
[Black "Macieja, Bartlomiej"]
[Result "1/2-1/2"]
[WhiteElo "2648"]
[BlackElo "2592"]
[PlyCount "87"]
[EventDate "2005.??.??"]

1. d4 Nf6 2. c4 e6 3. Nf3 b6 4. g3 Ba6 5. Qa4 Bb7 6. Bg2 c5 7. dxc5 Bxc5 8. O-O
O-O 9. Nc3 Be7 10. Bf4 Na6 11. Rfd1 Nc5 12. Qc2 Qc8 13. Rac1 Nce4 14. Nd4 Nxc3
15. Qxc3 a6 16. Qb3 Bxg2 17. Kxg2 Qb7+ 18. Qf3 Ra7 19. Qxb7 Rxb7 20. f3 Rc8 21.
e4 d6 22. Ne2 Rc6 23. b4 h6 24. b5 axb5 25. cxb5 Rxc1 26. Rxc1 d5 27. Rc8+ Kh7
28. Rc7 Rxc7 29. Bxc7 Bc5 30. e5 Nd7 31. f4 g5 32. Kf3 Kg6 33. a4 h5 34. h3 Kf5
35. g4+ hxg4+ 36. hxg4+ Kg6 37. Bd8 gxf4 38. Nxf4+ Kg7 39. Nd3 Bd4 40. Kf4 Bc3
41. Bh4 Kg6 42. Bd8 Bd2+ 43. Kf3 Bc3 44. Kf4 1/2-1/2

[Event "BL 0506 SG Köln Porz - SV Wattenscheid"]
[Site "?"]
[Date "2005.11.12"]
[Round "3.3"]
[White "Rustemov, Alexander"]
[Black "Sokolov, Ivan"]
[Result "1/2-1/2"]
[WhiteElo "2564"]
[BlackElo "2696"]
[PlyCount "51"]
[EventDate "2005.??.??"]

1. d4 d5 2. c4 c6 3. Nf3 Nf6 4. Qc2 dxc4 5. Qxc4 Bg4 6. Ne5 Be6 7. Qd3 Na6 8.
a3 Qa5+ 9. Qc3 Qb6 10. Nc4 Qc7 11. b4 g6 12. Bb2 Bg7 13. Nbd2 O-O 14. e3 Bd5
15. Qc2 Rad8 16. Ne5 Nb8 17. e4 Be6 18. Be2 Bh6 19. Ndc4 Nbd7 20. O-O Nxe5 21.
Nxe5 Qb6 22. Rfd1 Nd7 23. Nd3 Nf6 24. Ne5 Nd7 25. Nd3 Nf6 26. Ne5 1/2-1/2

[Event "BL 0506 SG Köln Porz - SV Wattenscheid"]
[Site "?"]
[Date "2005.11.12"]
[Round "3.5"]
[White "Handke, Florian"]
[Black "Graf, Alexander"]
[Result "1-0"]
[WhiteElo "2460"]
[BlackElo "2613"]
[PlyCount "109"]
[EventDate "2005.??.??"]

1. e4 e5 2. Nf3 Nc6 3. Bb5 a6 4. Ba4 Nf6 5. O-O Be7 6. Re1 b5 7. Bb3 d6 8. c3
O-O 9. d4 Bg4 10. Be3 exd4 11. cxd4 d5 12. e5 Ne4 13. Nc3 Nxc3 14. bxc3 Na5 15.
Bc2 Nc4 16. h3 Be6 17. Bh6 Na3 18. Bc1 Rc8 19. Bd3 Nc4 20. a4 b4 21. cxb4 Bxb4
22. Ng5 h6 23. Nxe6 fxe6 24. Qg4 Bxe1 25. Qxe6+ Rf7 26. Bg6 Bxf2+ 27. Kh1 Bxd4
28. Bxf7+ Kh8 29. Bg5 Bxa1 30. Bxd8 Rxd8 31. Qe7 Rb8 32. e6 Be5 33. g3 Bd6 34.
Qh4 Ne5 35. Qd4 Nc6 36. Qxd5 Ne7 37. Qd3 a5 38. Bh5 Rf8 39. Bd1 Nf5 40. g4 Ne7
41. Bc2 g6 42. Qc3+ Kh7 43. Qxa5 Rf3 44. Kg2 Rg3+ 45. Kf1 Rf3+ 46. Kg2 Re3 47.
Qb5 Rxe6 48. Qc4 Rf6 49. a5 c6 50. Be4 Rf4 51. Qe6 Bb4 52. a6 Rf8 53. Bxc6 Bc5
54. Be4 Rg8 55. Qe5 1-0

[Event "BL 0506 SG Köln Porz - SV Wattenscheid"]
[Site "?"]
[Date "2005.11.12"]
[Round "3.7"]
[White "Straeter, Timo"]
[Black "Hansen, Curt"]
[Result "0-1"]
[WhiteElo "2342"]
[BlackElo "2607"]
[PlyCount "80"]
[EventDate "2005.??.??"]

1. d4 Nf6 2. c4 e6 3. Nf3 b6 4. a3 c5 5. d5 Ba6 6. Qc2 exd5 7. cxd5 g6 8. Nc3
Bg7 9. g3 O-O 10. Bg2 d6 11. O-O Re8 12. Re1 Nbd7 13. Bf4 Qe7 14. a4 Ne4 15.
Nb5 Ndf6 16. Nd2 Nxf2 17. Nxd6 Nh5 18. Nxe8 Nxf4 19. Kxf2 Rxe8 20. Qe4 Bd4+ 21.
e3 Nd3+ 22. Kg1 Qd8 23. Qf3 Bxb2 24. Rf1 Ne5 25. Qf4 Bxa1 26. Rxa1 Bd3 27. Rd1
Kg7 28. Nf3 Nxf3+ 29. Qxf3 c4 30. Qf4 Qf6 31. Bf1 Bxf1 32. Kxf1 Rxe3 33. Qxf6+
Kxf6 34. Rd4 Rd3 35. Rf4+ Kg7 36. Rxc4 Rxd5 37. Rc7 Ra5 38. Rc4 Rc5 39. Rd4 Rc2
40. Kg1 Rb2 0-1

[Event "BL 0506 SV Werder Bremen - SC Kreuzberg"]
[Site "?"]
[Date "2005.11.12"]
[Round "3.2"]
[White "Efimenko, Zahar"]
[Black "Almasi, Zoltan"]
[Result "1/2-1/2"]
[WhiteElo "2637"]
[BlackElo "2640"]
[PlyCount "95"]
[EventDate "2005.??.??"]

1. e4 e5 2. Nf3 Nc6 3. Bb5 Nf6 4. d3 Bc5 5. Nc3 d6 6. Na4 Bb6 7. c3 O-O 8. h3
Bd7 9. Nxb6 axb6 10. Ba4 Ne7 11. Bc2 Ng6 12. O-O Bc6 13. Re1 Re8 14. Nh2 h6 15.
Ng4 Nxg4 16. Qxg4 Re6 17. g3 Rf6 18. Qh5 Bd7 19. Be3 Ra5 20. b4 Ra3 21. Bb3 Qc8
22. Kg2 Be6 23. c4 b5 24. cxb5 Bxb3 25. axb3 Rxb3 26. Reb1 Rxb1 27. Rxb1 Qd7
28. b6 cxb6 29. Qg4 Qb5 30. Qc8+ Kh7 31. Qc4 Qd7 32. Rc1 d5 33. Qxd5 Rd6 34.
Qc4 Rxd3 35. Qc7 f6 36. Qxb6 Rd6 37. Qc7 Nf8 38. Qxd7 Rxd7 39. h4 h5 40. Rc8
Ne6 41. Rb8 Nd4 42. Bxd4 Rxd4 43. Rxb7 Rxe4 44. b5 Rb4 45. b6 Rb3 46. Rb8 e4
47. b7 Kg6 48. Re8 1/2-1/2

[Event "BL 0506 SV Werder Bremen - SC Kreuzberg"]
[Site "?"]
[Date "2005.11.12"]
[Round "3.3"]
[White "Socko, Bartosz"]
[Black "Areshchenko, Alexander"]
[Result "1-0"]
[WhiteElo "2610"]
[BlackElo "2653"]
[PlyCount "71"]
[EventDate "2005.??.??"]

1. e4 c5 2. Nf3 d6 3. d4 cxd4 4. Nxd4 Nf6 5. Nc3 a6 6. Be3 e5 7. Nf3 Qc7 8. a4
Be7 9. a5 Nc6 10. Bb6 Qd7 11. Nd2 d5 12. exd5 Nxd5 13. Nxd5 Qxd5 14. Nc4 Qxd1+
15. Rxd1 O-O 16. c3 Be6 17. Be2 f6 18. O-O Bd8 19. b4 Bxb6 20. Nxb6 Rad8 21.
Bf3 Kf7 22. Bxc6 bxc6 23. f3 Ke7 24. c4 Bf5 25. Kf2 Bc2 26. Rxd8 Rxd8 27. Rc1
Rd2+ 28. Ke3 Rxg2 29. b5 cxb5 30. cxb5 axb5 31. Nd5+ Kd6 32. Nb4 Bf5 33. a6 Rb2
34. a7 Rb3+ 35. Kf2 Ra3 36. Rc6+ 1-0

[Event "BL 0506 SV Werder Bremen - SC Kreuzberg"]
[Site "?"]
[Date "2005.11.12"]
[Round "3.4"]
[White "Hracek, Zbynek"]
[Black "Romanishin, Oleg M"]
[Result "1/2-1/2"]
[WhiteElo "2581"]
[BlackElo "2547"]
[PlyCount "66"]
[EventDate "2005.??.??"]

1. Nf3 d5 2. d4 Nf6 3. c4 dxc4 4. e3 Bg4 5. Bxc4 e6 6. h3 Bh5 7. Nc3 a6 8. g4
Bg6 9. Ne5 Nbd7 10. Nxg6 hxg6 11. Bf1 c6 12. Bg2 Qc7 13. Bd2 Nd5 14. Rc1 Nxc3
15. Bxc3 Bd6 16. h4 Nf6 17. g5 Nd5 18. Bd2 O-O-O 19. h5 gxh5 20. Rxh5 g6 21.
Rxh8 Rxh8 22. a3 Kb8 23. Qg4 Qb6 24. b4 Rh5 25. Bf3 Qd8 26. e4 Nc7 27. Be3 Nb5
28. d5 cxd5 29. exd5 e5 30. a4 Nd4 31. Bxd4 exd4 32. Qxd4 Qxg5 33. Rc4 Qe5+
1/2-1/2

[Event "BL 0506 SV Werder Bremen - SC Kreuzberg"]
[Site "?"]
[Date "2005.11.12"]
[Round "3.5"]
[White "Maiwald, Jens-Uwe"]
[Black "Pelletier, Yannick"]
[Result "1/2-1/2"]
[WhiteElo "2502"]
[BlackElo "2583"]
[PlyCount "41"]
[EventDate "2005.??.??"]

1. e4 e6 2. d3 d5 3. Qe2 Nf6 4. Nf3 Nc6 5. c3 e5 6. Qc2 a5 7. Be2 Bc5 8. Bg5
dxe4 9. dxe4 h6 10. Bh4 O-O 11. Nbd2 Qe7 12. O-O Bg4 13. a3 Rfd8 14. b4 Bb6 15.
Rfd1 Bh5 16. Nc4 axb4 17. axb4 Rxa1 18. Rxa1 Qe6 19. Nxb6 cxb6 20. Ne1 Rc8 21.
Qd1 1/2-1/2

[Event "BL 0506 SV Werder Bremen - SC Kreuzberg"]
[Site "?"]
[Date "2005.11.12"]
[Round "3.6"]
[White "Babula, Vlastimil"]
[Black "Kalinitschew, Sergey"]
[Result "1/2-1/2"]
[WhiteElo "2593"]
[BlackElo "2491"]
[PlyCount "94"]
[EventDate "2005.??.??"]

1. d4 e6 2. c4 Bb4+ 3. Bd2 a5 4. Nf3 d6 5. g3 Nc6 6. Bg2 e5 7. d5 Nb8 8. O-O
Bxd2 9. Qxd2 Nd7 10. Nc3 Ngf6 11. Qc2 O-O 12. Nd2 Nc5 13. b3 Bd7 14. a3 Na6 15.
Rab1 Nc5 16. Rfc1 Ne8 17. b4 axb4 18. axb4 Na4 19. Nd1 f5 20. c5 Bb5 21. Nc4 f4
22. Ra1 Nf6 23. c6 bxc6 24. Na3 Nb6 25. dxc6 Ba4 26. Qa2+ Kh8 27. Nc3 fxg3 28.
hxg3 Qe8 29. b5 e4 30. Qd2 Bb3 31. Nc2 Rxa1 32. Nxa1 Bc4 33. Nc2 Qh5 34. Nxe4
Nxe4 35. Bxe4 Bxe2 36. Nd4 Bxb5 37. Ne6 Re8 38. Qf4 Na8 39. Kg2 Qe5 40. Qxe5
dxe5 41. Ng5 h6 42. Rc5 Be2 43. Bg6 Rb8 44. Nf7+ Kg8 45. Nxe5 Rb5 46. Rxb5 Bxb5
47. Nf7 Be2 1/2-1/2

[Event "BL 0506 SV Werder Bremen - SC Kreuzberg"]
[Site "?"]
[Date "2005.11.12"]
[Round "3.7"]
[White "Lau, Ralf"]
[Black "Fish, Gennadij"]
[Result "1/2-1/2"]
[WhiteElo "2467"]
[BlackElo "2550"]
[PlyCount "50"]
[EventDate "2005.??.??"]

1. d4 Nf6 2. Nf3 e6 3. e3 b6 4. Bd3 Bb7 5. O-O c5 6. c3 Be7 7. Qe2 Nc6 8. a3 d5
9. b4 O-O 10. Nbd2 Qc7 11. Bb2 e5 12. Nxe5 Nxe5 13. dxe5 Qxe5 14. Nf3 Qh5 15.
bxc5 Bxc5 16. c4 Ne4 17. cxd5 Bxd5 18. Rad1 Rfe8 19. Nd4 Qxe2 20. Bxe2 Red8 21.
Ba6 Nd6 22. Rc1 Bb7 23. Be2 Bd5 24. Ba6 Bb7 25. Be2 Bd5 1/2-1/2

[Event "BL 0506 SV Werder Bremen - SC Kreuzberg"]
[Site "?"]
[Date "2005.11.12"]
[Round "3.8"]
[White "Schandorff, Lars"]
[Black "Tischbierek, Raj"]
[Result "1/2-1/2"]
[WhiteElo "2517"]
[BlackElo "2466"]
[PlyCount "53"]
[EventDate "2005.??.??"]

1. Nf3 d5 2. d4 Nf6 3. c4 c6 4. e3 Bg4 5. h3 Bh5 6. cxd5 Bxf3 7. Qxf3 cxd5 8.
Nc3 Nc6 9. Bd3 a6 10. Qe2 e6 11. O-O Bd6 12. Bd2 O-O 13. Rad1 Qe7 14. f4 b5 15.
Be1 Nd7 16. f5 Qg5 17. h4 Qd8 18. g4 b4 19. Na4 Qa5 20. b3 e5 21. Rc1 Rfc8 22.
Bg3 Bf8 23. f6 g6 24. Qf2 e4 25. Be2 Nd8 26. g5 Nb6 27. Nxb6 1/2-1/2

[Event "BL 0506 Hamburger SK - SFR Neukölln"]
[Site "?"]
[Date "2005.11.12"]
[Round "3.1"]
[White "Nataf, Igor-Alexandre"]
[Black "Gustafsson, Jan"]
[Result "1/2-1/2"]
[WhiteElo "2564"]
[BlackElo "2615"]
[PlyCount "86"]
[EventDate "2005.??.??"]

1. e4 e5 2. Nf3 Nc6 3. d4 exd4 4. Nxd4 Bc5 5. Nxc6 Qf6 6. Qf3 dxc6 7. Bc4 Ne7
8. Nd2 Ng6 9. Qxf6 gxf6 10. Nb3 Bb6 11. a4 a5 12. Bd2 Rg8 13. Bc3 Ne5 14. Bf1
Be6 15. Nd4 Rd8 16. Nxe6 fxe6 17. f3 Ke7 18. Rd1 Bf2+ 19. Ke2 Rxd1 20. Kxd1
Rd8+ 21. Bd3 b6 22. f4 Nxd3 23. cxd3 Bd4 24. Kd2 c5 25. Rc1 Rg8 26. g3 Rd8 27.
Ke2 f5 28. b3 Bxc3 29. Rxc3 h5 30. h3 Kf6 31. e5+ Ke7 32. Kf3 Kf7 33. g4 hxg4+
34. hxg4 fxg4+ 35. Kxg4 Kg6 36. Rc1 Rxd3 37. Rh1 Rxb3 38. Rh8 Rb1 39. Rg8+ Kf7
40. Rc8 Rg1+ 41. Kh5 Rh1+ 42. Kg5 Rg1+ 43. Kh5 Rh1+ 1/2-1/2

[Event "BL 0506 Hamburger SK - SFR Neukölln"]
[Site "?"]
[Date "2005.11.12"]
[Round "3.2"]
[White "Ftacnik, Lubomir"]
[Black "Miroshnichenko, Evgenij"]
[Result "1/2-1/2"]
[WhiteElo "2612"]
[BlackElo "2634"]
[PlyCount "62"]
[EventDate "2005.??.??"]

1. Nf3 d5 2. d4 Nf6 3. c4 e6 4. g3 Bb4+ 5. Bd2 Be7 6. Bg2 O-O 7. O-O Nbd7 8.
Qc2 c6 9. Rd1 b6 10. b3 Ba6 11. Bf4 Rc8 12. Nc3 dxc4 13. Nd2 b5 14. bxc4 bxc4
15. Qa4 Bb5 16. Nxb5 cxb5 17. Qxb5 Qb6 18. a4 Qxd4 19. Rac1 a6 20. Qxa6 c3 21.
Ne4 Qb4 22. Nd6 Rc5 23. Nb7 Rc4 24. Na5 Rxf4 25. Nc6 Qxa4 26. Nxe7+ Kh8 27. Qd6
c2 28. Rd2 Rc4 29. Bc6 Qb4 30. Qxb4 Rxb4 31. Bxd7 Rb1 1/2-1/2

[Event "BL 0506 Hamburger SK - SFR Neukölln"]
[Site "?"]
[Date "2005.11.12"]
[Round "3.3"]
[White "Polzin, Rainer"]
[Black "Kempinski, Robert"]
[Result "1-0"]
[WhiteElo "2514"]
[BlackElo "2619"]
[PlyCount "89"]
[EventDate "2005.??.??"]

1. e4 c5 2. Nf3 d6 3. d4 cxd4 4. Nxd4 Nf6 5. Nc3 a6 6. f4 e6 7. Be2 Be7 8. Be3
O-O 9. O-O Nc6 10. a4 Qc7 11. Kh1 Re8 12. Bf3 Na5 13. g4 Bf8 14. Bg2 Nd7 15.
Qe1 Nc4 16. Bc1 g6 17. b3 Bg7 18. Nde2 Na5 19. Ba3 Rb8 20. Rd1 Bf8 21. Rd3 b5
22. axb5 axb5 23. b4 Nc4 24. Bc1 Bg7 25. Rh3 Qd8 26. g5 Nf8 27. Qh4 Bb7 28. Nd1
Ra8 29. Nf2 f5 30. gxf6 Qxf6 31. Qg3 h5 32. e5 Qe7 33. Ne4 dxe5 34. fxe5 Bxe5
35. Bf4 Bxf4 36. Nxf4 Bxe4 37. Bxe4 Ra3 38. c3 Nd2 39. Bxg6 Nxf1 40. Bh7+ Kf7
41. Bg8+ Kf6 42. Nxh5+ Kf5 43. Qf4+ Kg6 44. Bf7+ Kh7 45. Nf6+ 1-0

[Event "BL 0506 Hamburger SK - SFR Neukölln"]
[Site "?"]
[Date "2005.11.12"]
[Round "3.4"]
[White "Hansen, Sune Berg"]
[Black "Berndt, Stephan"]
[Result "1-0"]
[WhiteElo "2555"]
[BlackElo "2447"]
[PlyCount "53"]
[EventDate "2005.??.??"]

1. e4 c5 2. Nf3 d6 3. Bc4 Nc6 4. d3 Nf6 5. h3 e6 6. Nbd2 a6 7. a3 Be7 8. O-O
O-O 9. Re1 b5 10. Ba2 Bb7 11. Nf1 Rc8 12. Ng3 Nd7 13. Nh2 Re8 14. c3 Bf8 15.
Be3 Nb6 16. Ng4 d5 17. e5 d4 18. Bf4 c4 19. Ne4 Nd5 20. Bg5 Qc7 21. cxd4 Na5
22. dxc4 bxc4 23. Ngf6+ gxf6 24. Nxf6+ Nxf6 25. Bxf6 Bh6 26. Qh5 Qc6 27. f3 1-0

[Event "BL 0506 Hamburger SK - SFR Neukölln"]
[Site "?"]
[Date "2005.11.12"]
[Round "3.6"]
[White "Heinemann, Thies"]
[Black "Poldauf, Dirk"]
[Result "1/2-1/2"]
[WhiteElo "2441"]
[BlackElo "2417"]
[PlyCount "91"]
[EventDate "2005.??.??"]

1. e4 e6 2. d4 d5 3. Nd2 Nf6 4. e5 Nfd7 5. Bd3 c5 6. c3 Nc6 7. Ne2 cxd4 8. cxd4
f6 9. exf6 Nxf6 10. Nf3 Bd6 11. O-O O-O 12. Bf4 Bxf4 13. Nxf4 Ng4 14. g3 Qf6
15. Be2 Qh6 16. h3 Rxf4 17. gxf4 Qxh3 18. Re1 Bd7 19. Bf1 Qh6 20. Bb5 Rf8 21.
Kg2 Rxf4 22. Rh1 Qg6 23. Kf1 Nxd4 24. Bxd7 Ne3+ 25. fxe3 Rxf3+ 26. Qxf3 Nxf3
27. Rc1 Nd2+ 28. Ke2 Nc4 29. Rhf1 Qe4 30. Rf3 d4 31. b3 d3+ 32. Kf2 Nb6 33. Be8
Qh4+ 34. Kg2 Qg4+ 35. Kf2 h5 36. Rh1 h4 37. Bf7+ Kh7 38. Rg1 Qb4 39. Rf4 Qd2+
40. Kf3 Qe2+ 41. Ke4 Qh2 42. Rfg4 Nd7 43. Rxg7+ Kh8 44. Rg8+ Kh7 45. R8g7+ Kh8
46. Rg8+ 1/2-1/2

[Event "BL 0506 Hamburger SK - SFR Neukölln"]
[Site "?"]
[Date "2005.11.12"]
[Round "3.7"]
[White "Thiede, Lars"]
[Black "Rogozenko, Dorian"]
[Result "1/2-1/2"]
[WhiteElo "2417"]
[BlackElo "2526"]
[PlyCount "66"]
[EventDate "2005.??.??"]

1. g3 d5 2. Bg2 Nf6 3. c4 e6 4. Nf3 dxc4 5. Qc2 c6 6. Ne5 Nbd7 7. Nxc4 Nb6 8.
b3 Nxc4 9. bxc4 e5 10. Bb2 Bd6 11. d3 O-O 12. Nd2 Re8 13. O-O Bg4 14. Nb3 Qd7
15. Rfd1 Bh3 16. c5 Bxg2 17. Kxg2 Bc7 18. e4 h5 19. f3 Nh7 20. h4 Qe6 21. d4
Qg6 22. dxe5 Bxe5 23. Bxe5 Rxe5 24. Rd6 Re6 25. Rad1 Nf8 26. Na5 Qf6 27. R1d2
Qe7 28. Qb2 Qc7 29. Qxb7 Qxa5 30. Qxa8 Rxd6 31. Rxd6 Qe1 32. Rd8 Qe2+ 33. Kg1
Qe1+ 1/2-1/2

[Event "BL 0506 Hamburger SK - SFR Neukölln"]
[Site "?"]
[Date "2005.11.12"]
[Round "3.8"]
[White "Van Delft, Merijn"]
[Black "Thinius, Marco"]
[Result "1/2-1/2"]
[WhiteElo "2385"]
[BlackElo "2353"]
[PlyCount "101"]
[EventDate "2005.??.??"]

1. e4 e5 2. Nf3 Nc6 3. Bb5 a6 4. Ba4 Nf6 5. O-O Be7 6. Re1 b5 7. Bb3 d6 8. c3
O-O 9. h3 Na5 10. Bc2 c5 11. d4 Qc7 12. Nbd2 cxd4 13. cxd4 Nc6 14. Nb3 a5 15.
Be3 a4 16. Nbd2 a3 17. bxa3 Rxa3 18. Qb1 Bd7 19. Qb2 Rfa8 20. Bb3 exd4 21. Nxd4
Nxd4 22. Bxd4 Qb7 23. Re3 b4 24. Rae1 Be6 25. Bxe6 fxe6 26. Rxa3 Rxa3 27. Nc4
Ra6 28. e5 dxe5 29. Nxe5 Nd5 30. Nf3 Bf8 31. Be5 Qa8 32. Re2 Ra3 33. Ng5 Qe8
34. Qc2 Qg6 35. Qxg6 hxg6 36. Nxe6 Nc3 37. Bxc3 Rxc3 38. g3 Bd6 39. Kg2 Ra3 40.
h4 Ra8 41. Kf3 Ra3+ 42. Kg4 Be7 43. Nf4 Kf7 44. Nd5 Bd6 45. Ne3 Ra6 46. Ng2 Ra4
47. Kh3 Ra3 48. Ne1 Be7 49. Kg2 g5 50. hxg5 Bxg5 51. Kh3 1/2-1/2

[Event "BL 0506 Leipzig Gohlis - SF Katernberg"]
[Site "?"]
[Date "2005.11.12"]
[Round "3.1"]
[White "Erenburg, Sergey"]
[Black "Vogt, Lothar"]
[Result "1-0"]
[WhiteElo "2582"]
[BlackElo "2484"]
[PlyCount "55"]
[EventDate "2005.??.??"]

1. e4 c5 2. Nf3 Nc6 3. d4 cxd4 4. Nxd4 g6 5. c4 Nf6 6. Nc3 d6 7. Be2 Nxd4 8.
Qxd4 Bg7 9. O-O O-O 10. Qe3 Qb6 11. Qxb6 axb6 12. Be3 Be6 13. Bd4 Rac8 14. b3
b5 15. Nxb5 Nxe4 16. Bxg7 Kxg7 17. Rfc1 Bd7 18. Bf3 Bxb5 19. cxb5 f5 20. a4
Rxc1+ 21. Rxc1 Nc5 22. Rxc5 dxc5 23. Bxb7 Rb8 24. Bc6 Rd8 25. Kf1 Kf6 26. a5
Rd1+ 27. Ke2 Ra1 28. b6 1-0

[Event "BL 0506 Leipzig Gohlis - SF Katernberg"]
[Site "?"]
[Date "2005.11.12"]
[Round "3.4"]
[White "Zesch, Ludwig"]
[Black "Smagin, Sergey"]
[Result "0-1"]
[WhiteElo "2292"]
[BlackElo "2565"]
[PlyCount "72"]
[EventDate "2005.??.??"]

1. e4 d5 2. exd5 Nf6 3. d4 Nxd5 4. Nf3 g6 5. Be2 Bg7 6. O-O O-O 7. Na3 Nd7 8.
c3 c6 9. Nc4 Qc7 10. Re1 b6 11. Bf1 Bb7 12. Bg5 N7f6 13. Nce5 h6 14. Bd2 e6 15.
c4 Ne7 16. Bc3 c5 17. Qc2 Nf5 18. Rad1 Rfd8 19. dxc5 Qxc5 20. b4 Qc7 21. Rxd8+
Rxd8 22. Rd1 Rxd1 23. Qxd1 Ng4 24. Nxg4 Bxc3 25. Qc1 Bxf3 26. gxf3 Bg7 27. c5
h5 28. Ne3 Nd4 29. Bd3 Nxf3+ 30. Kf1 Qxh2 31. Ke2 Nd4+ 32. Ke1 Qh1+ 33. Bf1 Qc6
34. Qc4 bxc5 35. bxc5 Nf3+ 36. Ke2 Ne5 0-1

[Event "BL 0506 Leipzig Gohlis - SF Katernberg"]
[Site "?"]
[Date "2005.11.12"]
[Round "3.5"]
[White "Senff, Martin"]
[Black "Schoeneberg, Manfred"]
[Result "1-0"]
[WhiteElo "2469"]
[BlackElo "2322"]
[PlyCount "49"]
[EventDate "2005.??.??"]

1. e4 c5 2. Nf3 e6 3. d4 cxd4 4. Nxd4 Nf6 5. Nc3 d6 6. g4 h6 7. h4 Nc6 8. Rg1
h5 9. gxh5 Nxh5 10. Bg5 Nf6 11. h5 Be7 12. Be2 a6 13. Be3 Rh7 14. Nxc6 bxc6 15.
e5 dxe5 16. Bd3 e4 17. Nxe4 Qa5+ 18. Bd2 Qe5 19. Rg5 Qh2 20. Ng3 Rh8 21. Qf3
Nd7 22. O-O-O Bxg5 23. Bxg5 Ne5 24. Qe2 f6 25. Qxe5 1-0

[Event "BL 0506 Leipzig Gohlis - SF Katernberg"]
[Site "?"]
[Date "2005.11.12"]
[Round "3.6"]
[White "Quast, Michael"]
[Black "Siebrecht, Sebastian"]
[Result "0-1"]
[WhiteElo "2281"]
[BlackElo "2485"]
[PlyCount "86"]
[EventDate "2005.??.??"]

1. e4 c5 2. Nf3 e6 3. Nc3 a6 4. g3 b5 5. Bg2 Bb7 6. d3 d6 7. O-O Nf6 8. Nh4 Nc6
9. f4 Be7 10. f5 e5 11. Nf3 h6 12. Nd5 O-O 13. c3 Re8 14. h3 Nb8 15. Nxe7+ Qxe7
16. g4 d5 17. g5 hxg5 18. Nxg5 Nbd7 19. Qe1 dxe4 20. dxe4 c4 21. Be3 Nc5 22.
Qh4 Nd3 23. Rab1 b4 24. Kh1 Bc6 25. Bf3 Rab8 26. Qg3 Qb7 27. Rg1 Kf8 28. Nh7+
Ke7 29. Qxg7 Nxe4 30. Bxe4 Bxe4+ 31. Kh2 Bd5 32. Rg6 bxc3 33. Rb6 Qxb6 34. Bxb6
Rxb6 35. Qg5+ Kd6 36. Nf6 Reb8 37. Nxd5 Rxb2+ 38. Rxb2 Rxb2+ 39. Kg3 Kxd5 40.
Kf3 Ne1+ 41. Ke3 Nc2+ 42. Kf3 Nd4+ 43. Kg3 c2 0-1

[Event "BL 0506 Leipzig Gohlis - SF Katernberg"]
[Site "?"]
[Date "2005.11.12"]
[Round "3.7"]
[White "Souleidis, Georgios"]
[Black "Fischer, Johannes"]
[Result "1-0"]
[WhiteElo "2421"]
[BlackElo "2285"]
[PlyCount "97"]
[EventDate "2005.??.??"]

1. e4 g6 2. d4 Bg7 3. Nc3 d6 4. Nf3 a6 5. a4 b6 6. Be2 e6 7. O-O h6 8. Be3 Ne7
9. Qd2 Bb7 10. d5 e5 11. Ne1 Nd7 12. Nd3 f5 13. f3 f4 14. Bf2 Nf6 15. a5 b5 16.
Nb4 Qd7 17. Nxb5 axb5 18. a6 Bc8 19. Ra5 O-O 20. Bxb5 Qd8 21. Rfa1 Bd7 22. a7
Bxb5 23. Rxb5 Qd7 24. Qd3 g5 25. Qc4 g4 26. Nc6 Ng6 27. Rb8 gxf3 28. gxf3 Qh3
29. Ra3 Nd7 30. Rxf8+ Bxf8 31. Qf1 Qh5 32. Qg2 Nb6 33. h3 Kf7 34. Qg4 Qxg4+ 35.
hxg4 Ne7 36. Nd8+ Rxd8 37. Bxb6 Ra8 38. Bf2 c5 39. dxc6 Nxc6 40. Rc3 Nd4 41.
Rc7+ Ke6 42. c3 Nc2 43. b4 Be7 44. b5 Bd8 45. Rb7 Ne3 46. Bxe3 fxe3 47. Kf1 d5
48. b6 dxe4 49. fxe4 1-0

[Event "BL 0506 Leipzig Gohlis - SF Katernberg"]
[Site "?"]
[Date "2005.11.12"]
[Round "3.8"]
[White "Schunk, Thomas"]
[Black "Scholz, Christian"]
[Result "1-0"]
[WhiteElo "2315"]
[BlackElo "2390"]
[PlyCount "159"]
[EventDate "2005.??.??"]

1. c4 Nf6 2. Nc3 g6 3. g3 Bg7 4. Bg2 d6 5. d4 O-O 6. Nf3 Nbd7 7. O-O e5 8. b3
Re8 9. dxe5 dxe5 10. e4 c6 11. Bb2 Qc7 12. h3 Nc5 13. Qc2 a5 14. Rad1 Bd7 15.
Rd2 Bh6 16. Re2 Rad8 17. Rd1 Nh5 18. Bc1 Bf8 19. Kh2 f6 20. Be3 Ng7 21. Ne1
Nge6 22. Qb1 Bc8 23. Red2 Kf7 24. a3 Rxd2 25. Rxd2 Rd8 26. Rxd8 Qxd8 27. b4 Na6
28. c5 axb4 29. axb4 Nd4 30. Nd3 Be6 31. Bf1 Kg7 32. f4 exf4 33. Nxf4 g5 34.
Nh5+ Kh6 35. Qd1 Bb3 36. Qxd4 Qxd4 37. Bxd4 Kxh5 38. Bxa6 bxa6 39. Bxf6 a5 40.
bxa5 Bxc5 41. Kg2 Bc4 42. Nd1 Bd3 43. Kf3 Bf1 44. h4 gxh4 45. Bxh4 Kg6 46. Ne3
Bd3 47. Nf5 Kf7 48. Bd8 Ke6 49. Bb6 Bf8 50. Nd4+ Kd6 51. Nb3 Ke5 52. Bd4+ Ke6
53. Bc5 Bd6 54. Bb6 Ke5 55. Bd4+ Ke6 56. Bc5 Bc4 57. Nd4+ Kd7 58. Bxd6 Kxd6 59.
Kf4 c5 60. Nf3 Be2 61. Ng5 h5 62. Ke3 Ba6 63. Nf3 Bb7 64. Nd2 Ba6 65. Kf4 c4
66. e5+ Kd5 67. Ne4 Bc8 68. Nc3+ Kd4 69. Nb5+ Kc5 70. Nd6 Be6 71. Ne4+ Kb4 72.
a6 Bd5 73. a7 Ka5 74. Nc3 Bc6 75. e6 Kb6 76. Nb5 c3 77. Ke3 c2 78. Kd2 Kxb5 79.
e7 Kb4 80. Kxc2 1-0

[Event "BL 0506 SK Zehlendorf - SV Mülheim Nord"]
[Site "?"]
[Date "2005.11.12"]
[Round "3.1"]
[White "Landa, Konstantin"]
[Black "Richter, Michael"]
[Result "1-0"]
[WhiteElo "2600"]
[BlackElo "2407"]
[PlyCount "93"]
[EventDate "2005.??.??"]

1. e4 c5 2. Nf3 Nc6 3. d4 cxd4 4. Nxd4 Nf6 5. Nc3 e5 6. Ndb5 d6 7. Bg5 a6 8.
Na3 b5 9. Nd5 Be7 10. Bxf6 Bxf6 11. c3 O-O 12. Nc2 Rb8 13. h4 Be6 14. Nce3 Be7
15. Bd3 Qd7 16. Nf5 Bd8 17. Qg4 Bxf5 18. exf5 Kh8 19. Qe4 f6 20. Bc2 Ne7 21.
Nxe7 Qxe7 22. Bb3 b4 23. O-O bxc3 24. bxc3 Ba5 25. Rac1 Bb6 26. g3 Bc5 27. Kg2
Qb7 28. Bd5 Qd7 29. Rb1 Qc7 30. Be6 a5 31. h5 Rb6 32. Rb3 Rxb3 33. axb3 Bb6 34.
Rc1 Rd8 35. Rc2 Rb8 36. b4 h6 37. Qd3 Rd8 38. Bd5 Rc8 39. Ra2 Kh7 40. Qb5 axb4
41. cxb4 Rb8 42. Qd3 Qc1 43. Rc2 Qe1 44. Qc4 Bd4 45. Bf7 Qe4+ 46. f3 Qa8 47.
Qc6 1-0